MLS Soccer Top Four Teams - Statistics

General Stats
  • This quiz has been taken 265 times
    21 since last reset
  • The average score is 18 of 26
Answer Stats
Answer % Correct
FC Dallas
93%
Inter Miami CF
93%
Columbus Crew
86%
Los Angeles Galaxy
86%
Portland Timbers
86%
Seattle Sounders
86%
Houston Dynamo
79%
LAFC
79%
New England Revolution
79%
Philadelphia Union
79%
Toronto FC
79%
NYCFC
71%
DC United
64%
Montreal Impact
64%
New York Red Bulls
64%
Orlando City SC
64%
San Diego FC
64%
San Jose Earthquakes
64%
Sporting Kansas City
64%
Vancouver Whitecaps
64%
Atlanta FC
57%
Austin FC
57%
Real Salt Lake
57%
Colorado Rapids
50%
Minnesota United FC
43%
FC Cincinnati
36%
No matching quizzes found
Score Distribution
Percent of People with Each Score
Percentile by Number Answered
Your Score History
You have not taken this quiz since the last reset